Principles of Delict / (Record no. 576)

MARC details
000 -LEADER
fixed length control field 00586nam a22001817a 4500
005 - DATE AND TIME OF INPUT
control field 20231113133809.0
008 - DATA ELEMENTS--GENERAL INFORMATION
fixed length control field 231113b |||||||| |||| 00| 0 eng d
020 ## - INTERNATIONAL STANDARD BOOK NUMBER
International Standard Book Number 9780409127119 ; 9780409127904
041 ## - LANGUAGE CODE
Language code of text English
082 ## - SHELF NUMBER
DDC number 345.3 VAN
100 ## - MAIN AUTHOR
Main author's name Van der Walt, JC and Midgley, JR
Language of a work English
245 ## - TITLE STATEMENT
Title Principles of Delict /
Statement of responsibility, etc. JC Van der Walt and JR Midgley
250 ## - EDITION STATEMENT
Edition statement Fourth Edition
260 ## - PUBLICATION, DISTRIBUTION, ETC.
Place of publication, distribution, etc. Durban :
Name of publisher, distributor, etc. LexisNexis Butterworths,
Date of publication, distribution, etc. 2016
300 ## - PHYSICAL DESCRIPTION
Other physical details xv, 402 pages ;
Dimensions 25 cm.
650 ## - SUBJECT`
Broad subject Legal practice
Own subject terms Law
942 ## - ADDED ENTRY ELEMENTS (KOHA)
Item type Books
942 ## - ADDED ENTRY ELEMENTS (KOHA)
-- ALISON_BN_VRIES
Holdings
Source of classification or shelving scheme Not for loan Collection code Home library Current library Shelving location Date acquired Full call number Barcode Price effective from Koha item type
Dewey Decimal Classification   TEXT BOOKS LAW SOCIETY OF NAMIBIA LIBRARY - WINDHOEK LAW SOCIETY OF NAMIBIA LIBRARY - WINDHOEK Delict Law 11/13/2023 345.3 VAN LSN/2017/23 11/13/2023 Books